Textbook of Clinical Medicine for Dental Students (Record no. 22680)

MARC details
000 -LEADER
fixed length control field 00455nam a22001817a 4500
003 - CONTROL NUMBER IDENTIFIER
control field SGT
020 ## - INTERNATIONAL STANDARD BOOK NUMBER
International Standard Book Number 9788178558332
082 ## - DEWEY DECIMAL CLASSIFICATION NUMBER
Classification number 610
Item number T21C
100 ## - MAIN ENTRY--PERSONAL NAME
Personal name Chugh, S. N.
245 ## - TITLE STATEMENT
Title Textbook of Clinical Medicine for Dental Students
250 ## - EDITION STATEMENT
Edition statement 5th
260 ## - PUBLICATION, DISTRIBUTION, ETC. (IMPRINT)
Place of publication, distribution, etc Delhi, India
Name of publisher, distributor, etc Arya Publications
Year of Publication 2021
300 ## - PAGE DESCRIPTION
No. of Pages 629
650 ## - SUBJECT ADDED ENTRY--TOPICAL TERM
Topical term or geographic name as entry element Clinical Medicine
653 ## - KEYWORDS--INDEX TERM
Keyword term Clinical Medicine; Dentistry
700 ## - ADDED ENTRY--PERSONAL NAME
Personal name Chugh, Anshul
942 ## - ADDED ENTRY ELEMENTS (KOHA)
Source of classification or shelving scheme Dewey Decimal Classification
Koha item type Books
942 ## - ADDED ENTRY ELEMENTS (KOHA)
-- 133
Holdings
Withdrawn status Lost status Source of classification or shelving scheme Damaged status Not for loan Home library Current library Date acquired Vendor Name Cost, normal purchase price SGTU Bill Number Total Checkouts Full call number Accession No. (Barcode) Date last seen Date last borrowed Bill Date Koha item type Checked out Total Renewals
    Dewey Decimal Classification     SGT Dental Library SGT Dental Library 30/04/2022 Ahuja Book Co. Pvt. Ltd. 995.00 SGTU 14353 42 610 T21C FD8527 06/01/2026 08/12/2025 16/04/2022 Books    
    Dewey Decimal Classification     SGT Dental Library SGT Dental Library 30/04/2022 Ahuja Book Co. Pvt. Ltd. 995.00 SGTU 14353 35 610 T21C FD8528 03/06/2026 03/06/2026 16/04/2022 Books 17/06/2026  
    Dewey Decimal Classification     SGT Dental Library SGT Dental Library 30/04/2022 Ahuja Book Co. Pvt. Ltd. 995.00 SGTU 14353 49 610 T21C FD8529 14/05/2026 30/04/2026 16/04/2022 Books   1
    Dewey Decimal Classification     SGT Dental Library SGT Dental Library 30/04/2022 Ahuja Book Co. Pvt. Ltd. 995.00 SGTU 14353 44 610 T21C FD8530 12/05/2026 01/05/2026 16/04/2022 Books    
    Dewey Decimal Classification     SGT Dental Library SGT Dental Library 30/04/2022 Ahuja Book Co. Pvt. Ltd. 995.00 SGTU 14353 35 610 T21C FD8531 19/01/2026 13/01/2026 16/04/2022 Books